Picture Quiz: Female Singers 1950's - 1990's - Statistics

General Stats
  • This quiz has been taken 448 times
    142 since last reset
  • The average score is 9 of 20
Answer Stats
Picture Answer % Correct
Dolly Parton
93%
Aretha Franklin
88%
Janis Joplin
75%
Kate Bush
66%
Karen Carpenter
63%
Doris Day
58%
Nancy Sinatra
58%
Billie Holiday
51%
Ella Fitzgerald
51%
Lulu
51%
Suzi Quatro
41%
Siouxsie Sioux
32%
Sandie Shaw
26%
Linda Ronstadt
25%
Skin
23%
PJ Harvey
22%
Clare Grogan
16%
Lene Lovich
14%
Melanie (Safka)
11%
Elkie Brooks
9%
No matching quizzes found
Score Distribution
Percent of People with Each Score
Percentile by Number Answered
Your Score History
You have not taken this quiz since the last reset